Länder mit den meißten Nachbarländern - Statistiken

Allgemein
  • Dieses Quiz wurde 191 mal gespielt
  • Das Durchschnittsergebnis liegt bei 13 aus 19
Antwortstatistiken
Nachbarländer Antwort % Korrekt
9 Deutschland
99%
14 Russland
98%
14 China
97%
10 Brasilien
90%
9 D. R. Kongo
82%
8 Frankreich
80%
7 Iran
72%
8 Serbien
71%
7 Niger
70%
7 Polen
68%
8 Türkei
68%
8 Österreich
67%
7 Ungarn
64%
7 Ukraine
61%
7 Sudan
58%
7 Mali
57%
7 Saudi-Arabien
57%
8 Sambia
36%
8 Tansania
29%
Keine übereinstimmenden Quizze gefunden
Verteilung der Resultate
Anzahl Personen mit jedem Resultat
Perzentil nach korrekt beantworteten Fragen
Ihre Resultats-Entwicklung
Sie haben dieses Quiz noch nicht gespielt